Československé výzkumné zprávy a disertace 1983

Saved in:
Bibliographic Details
Format: Book
Language:Czech
Published: Praha Ústředí vědeckých, technických a ekonomických informací 1983
Tags: Add Tag
No Tags, Be the first to tag this record!

MARC

LEADER 00000nam a2200000 4500
001 c115249
005 20190620092942.1
041 0 |a cze 
044 |a CZ 
245 1 0 |a Československé výzkumné zprávy a disertace 1983 
264 1 |a Praha  |b Ústředí vědeckých, technických a ekonomických informací  |c 1983 
300 |a 239 s.